Business research methods (Record no. 3300)

MARC details
000 -LEADER
fixed length control field 00825 a2200217 4500
010 ## - LIBRARY OF CONGRESS CONTROL NUMBER
LC control number ENG-85663
020 ## - INTERNATIONAL STANDARD BOOK NUMBER
Terms of availability 120.00
035 ## - SYSTEM CONTROL NUMBER
System control number EN-69196
037 ## - SOURCE OF ACQUISITION
Source of stock number/acquisition D.B.Act / Pub
082 14 - DEWEY DECIMAL CLASSIFICATION NUMBER
Classification number 658.0072
090 ## - LOCALLY ASSIGNED LC-TYPE CALL NUMBER (OCLC); LOCAL CALL NUMBER (OCLC)
-- 3367
-- 3367
100 1# - MAIN ENTRY--PERSONAL NAME
Personal name Ramachandra, K.
245 1# - TITLE STATEMENT
Title Business research methods
Remainder of title for fourth semester, BBM Banglore Universty
Statement of responsibility, etc by K. Ramachandra, B. Chandrashekara and S. Shivakumar
260 ## - PUBLICATION, DISTRIBUTION, ETC. (IMPRINT)
Place of publication, distribution, etc Mumbai
Name of publisher, distributor, etc Himalaya Publishing House
Date of publication, distribution, etc 2006
270 ## - ADDRESS
Address "Ramdoot", Dr. Bhalerao Marg, Girgaon
City Mumbai
Postal code 400 004
Telephone number 022-23860170, 022-23863863
Fax number 022-23877178
Electronic mail address himpub@vsnl.net.in
300 ## - PHYSICAL DESCRIPTION
Extent xii, 162 p.
Dimensions 22 cm ( Pbk.)
700 1# - ADDED ENTRY--PERSONAL NAME
Personal name Chandrashekara, B.
700 1# - ADDED ENTRY--PERSONAL NAME
Personal name Shivakumar, S.
942 ## - ADDED ENTRY ELEMENTS (KOHA)
Institution code [OBSOLETE] dpl
Koha item type English Books
Call number prefix 658.0072 / RAM
Holdings
Withdrawn status Lost status Source of classification or shelving scheme Damaged status Not for loan Collection code Home library Current library Source of acquisition Cost, normal purchase price Total Checkouts Full call number Barcode Date last seen Copy number Uniform Resource Identifier Cost, replacement price Price effective from Koha item type
    Dewey Decimal Classification   Not For Loan Non-fiction D.B.Act.Division D.B.Act.Division DBAD/PUB 120.00   658.0072 RAM EN-69196 15/09/2008 1 3514 120.00 15/09/2008 English Books

© Delhi Public Library
Hit Counter
free hit counter